000 00597nam a2200205Ia 4500
005 20250923144944.0
008 008 250917s9999 xx 000 0 eng d
037 _aTextual
040 _aDSWL
_beng
_cDSWL
041 _aeng
_2eng
084 _aY11P:45:6.P315, K4
_qDSWL
100 _aAttar, A.D.
_9830245
245 0 _aJuvenile delinquency : A comparative study
_cby A.D. Attar
260 _aBombay
_bPopular Prakaan
_c1964
300 _aXI,192 p.
365 _aINR
_b20
925 _g20
942 _cTEXL
_hY11P:45:6.P315, K4
999 _c1445369
_d1445369